000 00847nam a22002175i 4500
001 162360
003 ES-MaACL
005 20230906212514.0
008 041108s1892 fr |||| | fre d
040 _aCAM
_bspa
_cCAM
100 1 _aPoincaré, Henri.
_992751
245 1 0 _aLeçons sur la théorie de l'élasticité /
_cpar H. Poincaré ; rédigées par Emile Borel et Jules Drach.
260 _aParis :
_bGauthier-Villars, imprimeur-libraire,
_c1892.
300 _a208, [2] p. ;
_c25 cm.
490 1 _aCours de la Faculté des Sciences de Paris
596 _aExiste emisión con pie de imp.: Paris : Georges Carré, editeur, 1892.
650 4 _aElasticidad.
_9135967
830 0 _aCours de la Faculté des Sciences de Paris
_9188388
852 _aES-MaACL
_jF-3409
_z-- Enc. hol., conservando la cub. original
999 _c162360
_d162360